000 00259nam a22000977a 4500
999 _c10416
_d10416
008 180216b ||||| |||| 00| 0 eng d
020 _a9788131756546
100 _aKumar, A
_96361
245 _aE-World Computer -VI
260 _aNew delhi
_bPearson Publication
_c2011